000 01642nam a22002417a 4500
005 20120118160540.0
010 _aB-445537-541
020 _a9788178241319
_c595.00
035 _aB-445537-541
037 _adpl
_bAllied Pub/Ven
082 _a954.0842
245 _aEpicentre of violence:
_bpartition voices and memories from Amritsar /
_cedited by Ian Talbot ;with Darshan Singh Tatla
260 _aDelhi
_bPermanent black
_c2006
270 _aD-28 Oxford Apartments, 11, I.P.Extension
_bDelhi
_e110092
300 _a234p.
_bill.
_c22cm(Hb)
942 _2ddc
_cEN
_mEPI
_h954.0842
999 _c61119
_d61119